The people's book : (Record no. 20975)

MARC details
000 -LEADER
fixed length control field 01932cam a2200421 i 4500
001 - CONTROL NUMBER
control field 19420346
003 - CONTROL NUMBER IDENTIFIER
control field OSt
005 - DATE AND TIME OF LATEST TRANSACTION
control field 20251208163952.0
008 - FIXED-LENGTH DATA ELEMENTS--GENERAL INFORMATION
fixed length control field 161228s2017 ilu b 101 0 eng
010 ## - LIBRARY OF CONGRESS CONTROL NUMBER
LC control number 2016058922
020 ## - INTERNATIONAL STANDARD BOOK NUMBER
International Standard Book Number 9780830851638
Qualifying information pbk. : alk. paper
035 ## - SYSTEM CONTROL NUMBER
System control number 19420346
040 ## - CATALOGING SOURCE
Original cataloging agency DLC
Language of cataloging eng
Transcribing agency DLC
Description conventions rda
Modifying agency DLC
042 ## - AUTHENTICATION CODE
Authentication code pcc
043 ## - GEOGRAPHIC AREA CODE
Geographic area code e------
050 00 - LIBRARY OF CONGRESS CALL NUMBER
Classification number BS447.5.E85
Item number W49 2017
082 00 - DEWEY DECIMAL CLASSIFICATION NUMBER
Classification number 220.094
Edition number 23
111 2# - MAIN ENTRY--MEETING NAME
Meeting name or jurisdiction name as entry element Wheaton Theology Conference
Number of part/section/meeting (25th :
Date of meeting 2016 :
Location of meeting Wheaton College, Ill.)
245 14 - TITLE STATEMENT
Title The people's book :
Remainder of title the Reformation and the Bible /
Statement of responsibility, etc. edited by Jennifer Powell McNutt and David Lauber.
264 #1 - PRODUCTION, PUBLICATION, DISTRIBUTION, MANUFACTURE, AND COPYRIGHT NOTICE
Place of production, publication, distribution, manufacture Downers Grove, Illinois :
Name of producer, publisher, distributor, manufacturer IVP Academic, and imprint of InterVarsity Press,
Date of production, publication, distribution, manufacture, or copyright notice [2017]
300 ## - PHYSICAL DESCRIPTION
Extent ix, 244 pages ;
Dimensions 23 cm
336 ## - CONTENT TYPE
Content type term text
Content type code txt
Source rdacontent
337 ## - MEDIA TYPE
Media type term unmediated
Media type code n
Source rdamedia
338 ## - CARRIER TYPE
Carrier type term volume
Carrier type code nc
Source rdacarrier
504 ## - BIBLIOGRAPHY, ETC. NOTE
Bibliography, etc Includes bibliographical references and indexes.
505 0# - FORMATTED CONTENTS NOTE
Formatted contents note Access and Readership -- Transmission and Worship -- Protestant-Catholic Dialogue -- The People's Book Yesterday and Today.
630 00 - SUBJECT ADDED ENTRY--UNIFORM TITLE
Uniform title Bible
General subdivision History
Form subdivision Congresses.
650 #0 - SUBJECT ADDED ENTRY--TOPICAL TERM
Topical term or geographic name as entry element Reformation
Form subdivision Congresses.
651 #0 - SUBJECT ADDED ENTRY--GEOGRAPHIC NAME
Geographic name Europe
General subdivision Church history
Chronological subdivision 16th century
Form subdivision Congresses.
655 #7 - INDEX TERM--GENRE/FORM
Genre/form data or focus term Conference papers and proceedings.
Source of term lcgft
Authority record control number https://id.loc.gov/authorities/genreForms/gf2014026068
700 1# - ADDED ENTRY--PERSONAL NAME
Personal name McNutt, Jennifer Powell,
Relator term editor.
700 1# - ADDED ENTRY--PERSONAL NAME
Personal name Lauber, David,
Dates associated with a name 1966-
Relator term editor.
776 08 - ADDITIONAL PHYSICAL FORM ENTRY
Relationship information Online version:
Main entry heading Wheaton Theology Conference (25th : 2016 : Wheaton College, Ill.)
Title People's book
Place, publisher, and date of publication Downers Grove, IL : InterVarsity Press, 2017
International Standard Book Number 9780830891771
Record control number (DLC) 2017000030
906 ## - LOCAL DATA ELEMENT F, LDF (RLIN)
a 7
b cbc
c orignew
d 1
e ecip
f 20
g y-gencatlg
942 ## - ADDED ENTRY ELEMENTS (KOHA)
Source of classification or shelving scheme Library of Congress Classification
Koha item type General Collection
Holdings
Withdrawn status Lost status Source of classification or shelving scheme Not for loan Home library Current library Shelving location Date acquired Source of acquisition Inventory number Total Checkouts Full call number Barcode Date last seen Copy number Price effective from Koha item type
    Library of Congress Classification   Kabarak, Main Campus Kabarak, Main Campus General Stacks 08/12/2025 Donation 2025/2656   BS447.5.E85 W49 2017 C.1 39685 08/12/2025 C.1 08/12/2025 General Collection
Designed with assistance from East African Informatics Ltd